| 000 | 00550nam a2200157Ia 4500 | ||
|---|---|---|---|
| 008 | 220216s9999 xx 000 0 und d | ||
| 100 | _aMohd Yusof Mohd Noor | ||
| 245 | 0 | _aPotential use of slow-release fertilisers in Hevea cultivation | |
| 260 | _bIn: Ensuring sustainability and competitiveness of the NR industry: Proceedings of the RRIM Rubber Growers Conference, Kuala Lumpur, 1995; p40-50 | ||
| 650 | _aFertilisers | ||
| 650 | _aHevea cultivation | ||
| 700 | _aLau C H | ||
| 700 | _aMahmud A W | ||
| 700 | _aRosley Abdullah | ||
| 942 | _cJS | ||
| 999 |
_c65405 _d65405 |
||